Interaction design : (Record no. 157)
[ view plain ]
| 000 -LEADER | |
|---|---|
| fixed length control field | 01167cac a22002531u 4500 |
| 090 ## - LOCALLY ASSIGNED LC-TYPE CALL NUMBER (OCLC); LOCAL CALL NUMBER (OCLC) | |
| -- | 157 |
| 008 - FIXED-LENGTH DATA ELEMENTS--GENERAL INFORMATION | |
| fixed length control field | 081103t2002 xxu||||| |||| 00| 0 eng d |
| 010 ## - LIBRARY OF CONGRESS CONTROL NUMBER | |
| LC control number | 2001006730 |
| 020 ## - INTERNATIONAL STANDARD BOOK NUMBER | |
| International Standard Book Number | 0471492787 (paper : alk. paper) |
| 020 ## - INTERNATIONAL STANDARD BOOK NUMBER | |
| International Standard Book Number | 0471402494 (cloth : alk. paper) |
| 082 00 - DEWEY DECIMAL CLASSIFICATION NUMBER | |
| Classification number | 004/.01/9 |
| Item number | P9236 |
| 100 ## - MAIN ENTRY--PERSONAL NAME | |
| Personal name | Preece, Jenny, |
| 245 10 - TITLE STATEMENT | |
| Title | Interaction design : |
| Remainder of title | beyond human-computer interaction / |
| Statement of responsibility, etc | [Jennifer] Preece, [Yvonne] Rogers, [Helen] Sharp. |
| 260 ## - PUBLICATION, DISTRIBUTION, ETC. (IMPRINT) | |
| Place of publication, distribution, etc | New York, NY : |
| Name of publisher, distributor, etc | J. Wiley & Sons, |
| Date of publication, distribution, etc | c2002. |
| 300 ## - PHYSICAL DESCRIPTION | |
| Extent | xxiii, 519 p. : |
| Other physical details | ill. (some col.) ; |
| Dimensions | 24 cm. |
| 650 #0 - SUBJECT ADDED ENTRY--TOPICAL TERM | |
| Topical term or geographic name as entry element | Human-computer interaction. |
| 700 1# - ADDED ENTRY--PERSONAL NAME | |
| Personal name | Rogers, Yvonne. |
| 700 1# - ADDED ENTRY--PERSONAL NAME | |
| Personal name | Sharp, Helen. |
| 856 42 - ELECTRONIC LOCATION AND ACCESS | |
| Materials specified | Contributor biographical information |
| Uniform Resource Identifier | <a href="http://www.loc.gov/catdir/bios/wiley045/2001006730.html">http://www.loc.gov/catdir/bios/wiley045/2001006730.html</a> |
| 856 42 - ELECTRONIC LOCATION AND ACCESS | |
| Materials specified | Publisher description |
| Uniform Resource Identifier | <a href="http://www.loc.gov/catdir/description/wiley039/2001006730.html">http://www.loc.gov/catdir/description/wiley039/2001006730.html</a> |
| 856 42 - ELECTRONIC LOCATION AND ACCESS | |
| Materials specified | Table of contents |
| Uniform Resource Identifier | <a href="http://www.loc.gov/catdir/toc/wiley021/2001006730.html">http://www.loc.gov/catdir/toc/wiley021/2001006730.html</a> |
| 942 ## - ADDED ENTRY ELEMENTS (KOHA) | |
| Item type | Book - Borrowing |
| Call number prefix | 004.019P9236 |
| Source of classification or shelving scheme | Dewey Decimal Classification |
| Withdrawn status | Item status | Damaged status | Not for loan | Home library | Current library | Shelving location | Date acquired | Source of acquisition | Total Checkouts | Total Renewals | Full call number | Barcode | Date last seen | Date last borrowed | Cost, replacement price | Koha item type |
|---|---|---|---|---|---|---|---|---|---|---|---|---|---|---|---|---|
| Central Library | Central Library | Lower Floor | 05/02/2006 | Purchase | 2 | 12 | 004.019 PRE | 000004578 | 15/07/2025 | 04/11/2019 | 460.00 | Book - Borrowing |